00531nam a22001337a 4500008004100000082001700041100006200058245010300120260004200223300000900265942001200274999001500286952009600301230619b xxu||||| |||| 00| 0 eng d a015.676bKEN cOffice of the vice president and ministry of Home Affairs aA Guide to Government Monographs. Report and Research WorksbDepartment of Kenya National Archives bDepartment of Kenya National Archives a157p 2ddccBK c1150d1150 00102ddc4070a001b001d2023-06-19l0o015.676 KENp10000023r2023-06-19w2023-06-19yBK